[Event "Russian Blitz Internet Cup Superfinal"]
[Site "chessassistantclub.com INT"]
[Date "2004.12.28"]
[Round "5"]
[White "Bareev,E"]
[Black "Panarin,M"]
[Result "1-0"]
[WhiteElo "2715"]
[BlackElo "2482"]

1.c4 c6 2.e4 d5 3.exd5 cxd5 4.cxd5 Nf6 5.Qa4+ Nbd7 6.Nc3 g6 7.Nf3 Bg7 8.Qb3 O-O
9.Bc4 a6 10.a4 Nb6 11.d3 Bf5 12.Be3 Nbd7 13.O-O Qb8 14.h3 h6 15.Rfe1 g5 16.Bd2 Re8
17.Qa3 Bf8 18.Qa2 Nc5 19.d4 Nd3 20.Re3 Nf4 21.Ne5 Qd6 22.Rf3 b5 23.Bxf4 gxf4
24.Rxf4 Bh7 25.Bf1 b4 26.Ne2 Rad8 27.Ng3 a5 28.Re1 Bg7 29.Bb5 Rf8 30.Nc6 Rd7
31.Rf5 Kh8 32.Qc4 Rc7 33.Rfe5 Ng8 34.Nf5 Bxf5 35.Rxf5 Bf6 36.Qc1 Rfc8 37.Qe3 Kg7
38.Qf3 Kf8 39.Ba6 Ra8 40.Bd3 Kg7 41.Re4 Rf8 42.Rg4+ Kh8 43.Qe4 Bg7 44.Rf3 Nf6
45.Rxf6  1-0

[Event "GM"]
[Site "Augsburg GER"]
[Date "2004.12.29"]
[Round "3"]
[White "Wolfsteiner,H"]
[Black "Pitl,G"]
[Result "1-0"]
[WhiteElo "2352"]
[BlackElo "2305"]

1.c4 c6 2.Nf3 d5 3.d4 Nf6 4.Qc2 dxc4 5.Qxc4 Bg4 6.Nc3 Nbd7 7.Ng5 e6 8.f3 Bh5
9.Nh3 e5 10.dxe5 Nxe5 11.Qb3 b5 12.Bg5 Be7 13.Nf4 Bg6 14.Nxg6 hxg6 15.Bf4 Ned7
16.O-O-O O-O 17.e4 Nc5 18.Qc2 Qa5 19.e5 Nd5 20.Nxd5 cxd5 21.Kb1 Rac8 22.Rxd5 Ne6
23.Bd2 Qb6 24.Qd1 Rfd8 25.Rxd8+ Rxd8 26.Qe1 Qc5 27.a3 Nd4 28.Bc3 a5 29.Bd3 b4
30.axb4 axb4 31.Bxd4 Qxd4 32.Bc2 b3 33.Bxb3 Rb8 34.Qd1 Qb4 35.Ka2 Ra8+ 36.Kb1 Qa5
37.Kc2 Rc8+ 38.Kb1 Rd8 39.Qe1 Bb4 40.Qe4 Ra8 41.Kc2 Rc8+ 42.Kb1 Ra8 43.Qb7 Kh7
44.Rd1 Ra7 45.Qb8 Ra8 46.Qb7 Ra7 47.Qc8 Qxe5 48.Qc4 Bf8 49.h4 Qf5+ 50.Qe4 Qa5
51.Qf4 Qa1+ 52.Kc2 Qa5 53.Rd5 Qb6 54.Qd4 Qc6+ 55.Kb1 Rc7 56.h5 Kg8 57.Rd8 Re7
58.hxg6 Qxg6+ 59.Qd3 Qb6 60.Ra8 Qg1+ 61.Bd1 Re1 62.Rd8 Qc5 63.g4 g6 64.Qd4 Qe7
65.Ka2 Qc7 66.Rxf8+ Kxf8 67.Qh8+  1-0

[Event "Czech Christmas"]
[Site "Litomysl CZE"]
[Date "2004.12.31"]
[Round "7"]
[White "Plachetka,J"]
[Black "Zawadzki,S"]
[Result "1/2-1/2"]
[WhiteElo "2435"]
[BlackElo "2398"]

1.c4 c6 2.e4 e5 3.Nf3 Qc7 4.d4 Bb4+ 5.Nc3 d6 6.Qb3 Ba5 7.Be2 Nf6 8.O-O Nbd7
9.Qa3 Bxc3 10.bxc3 O-O 11.Bd3 Re8 12.Re1 c5 13.Qb2 Nf8 14.Bg5 N6d7 15.Nh4 cxd4
16.cxd4 exd4 17.Nf5 Ne5 18.Bf1 Ne6 19.Bd2 Nc6 20.Rad1 Bd7 21.h4 Nc5 22.Nxd4 Nxe4
23.Nb5 Qd8 24.Bf4 a6 25.Nxd6 Nxd6 26.Bxd6 Rxe1 27.Rxe1 Qc8 28.Re3 Nd8 29.c5 Ne6
30.Rg3 Bb5 31.Be5 Qf8 32.Bxb5 axb5 33.Qxb5 Rxa2 34.f4 Rc2 35.f5 Qxc5+ 36.Qxc5 Rxc5
37.Bxg7 Nxg7 38.f6 Rf5 39.Rxg7+ Kf8 40.Rxh7  1/2-1/2

[Event "GM"]
[Site "Augsburg GER"]
[Date "2005.01.02"]
[Round "7"]
[White "Reiss,T"]
[Black "Pitl,G"]
[Result "1/2-1/2"]
[WhiteElo "2430"]
[BlackElo "2305"]

1.c4 c6 2.g3 d5 3.Bg2 Nf6 4.Nf3 e6 5.b3 b5 6.O-O Be7 7.d4 O-O 8.Nbd2 a5 9.Bb2 Ba6
10.Re1 Nbd7 11.Qc2 Qb8 12.Rab1 Qa7 13.e4 dxe4 14.Ne5 Rac8 15.Nxe4 Nxe5 16.Nxf6+ Bxf6
17.dxe5 Be7 18.Be4 g6 19.Bd3 Bc5 20.Re4 Rfd8 21.Rf1 Rd7 22.Bc1 Rcd8 23.Be2 b4
24.h4 Qc7 25.h5 f5 26.exf6 Qxg3+ 27.Kh1 Qh3+ 28.Kg1 gxh5 29.Re3 Bxe3 30.fxe3 Qg3+
31.Kh1 Qh3+  1/2-1/2

[Event "Open A"]
[Site "Krakow POL"]
[Date "2005.01.02"]
[Round "6"]
[White "Stryjecki,M"]
[Black "Vlassow,V"]
[Result "1/2-1/2"]
[WhiteElo "2415"]
[BlackElo "2326"]

1.c4 c6 2.Nf3 Nf6 3.Nc3 d5 4.e3 g6 5.d4 Bg7 6.b4 O-O 7.Bb2 Bg4 8.Qb3 Bxf3
9.gxf3 dxc4 10.Bxc4 Nbd7 11.Be2 e5 12.dxe5 Nxe5 13.Rd1 Qc7 14.b5 Rad8 15.O-O Qc8
16.Na4 Qf5 17.Bxe5 Qxe5 18.bxc6 bxc6 19.Qc4 Nd5 20.f4 Qe6 21.Bf3 Qh3 22.Bg2 Qg4
23.h3 Qc8 24.Rc1 Ne7 25.Rfd1 Rxd1+ 26.Rxd1 Rd8 27.Rxd8+ Qxd8 28.Bxc6 Qd1+
29.Kg2 Nf5 30.Nc5 Qd2 31.Qd3 Nh4+ 32.Kg3 Nf5+ 33.Kg2 Nh4+ 34.Kg3  1/2-1/2

[Event "34th Rilton Cup"]
[Site "Stockholm SWE"]
[Date "2005.01.03"]
[Round "7"]
[White "Lindberg,H"]
[Black "Miloradovic,J"]
[Result "1-0"]
[WhiteElo "2218"]
[BlackElo "2133"]

1.c4 c6 2.e4 d5 3.exd5 cxd5 4.d4 Nf6 5.Nc3 e6 6.Nf3 Bb4 7.Bd3 O-O 8.O-O dxc4
9.Bxc4 b6 10.Qe2 Bb7 11.Rd1 Bxc3 12.bxc3 Qc7 13.Ne5 Nd5 14.Bxd5 exd5 15.Bf4 Qd8
16.Qf3 f6 17.Nc4 Qd7 18.Nd6 Bc6 19.c4 dxc4 20.d5 Ba4 21.Re1 Na6 22.Nxc4 Rae8
23.Nd6 Rxe1+ 24.Rxe1 Nc5 25.h3 Nb7 26.Nxb7 Qxb7 27.Qa3 Re8 28.Rc1 Re4 29.f3 Qe7
30.d6 Re1+ 31.Kh2 Qe6 32.Rxe1  1-0

[Event "112th ch-NZL"]
[Site "Wanganui NZL"]
[Date "2005.01.04"]
[Round "4"]
[White "Stuart,P"]
[Black "Goodhue,N"]
[Result "1/2-1/2"]
[WhiteElo "2154"]
[BlackElo "2092"]

1.c4 c6 2.Nf3 d5 3.b3 dxc4 4.bxc4 e5 5.Qc2 Nd7 6.g3 Ngf6 7.Bg2 Bd6 8.O-O O-O
9.d3 Nc5 10.Nc3 Re8 11.Nd2 Bf5 12.Bb2 Qd7 13.Nb3 Bh3 14.Nxc5 Bxc5 15.Rfd1 Bxg2
16.Kxg2 Qf5 17.e3 Rad8 18.Rac1 Rd7 19.Ne4 Bf8 20.Nxf6+  1/2-1/2

[Event "ch-FENACH"]
[Site "Santiago CHI"]
[Date "2005.01.05"]
[Round "3"]
[White "Valdes Escobar,A"]
[Black "Arancibia,E"]
[Result "0-1"]
[WhiteElo "2126"]
[BlackElo "2364"]

1.c4 c6 2.e4 d5 3.exd5 cxd5 4.d4 Nf6 5.Nc3 g6 6.c5 Bg7 7.Nf3 O-O 8.Be2 Nc6
9.O-O Ne4 10.Be3 Bg4 11.Qb3 Nxc3 12.bxc3 Na5 13.Qb2 Qc7 14.h3 Bxf3 15.Bxf3 e6
16.Qc1 b6 17.Bf4 Qd7 18.cxb6 axb6 19.Be2 Rfc8 20.Qb2 Nc4 21.Bxc4 Rxc4 22.Qxb6 Rxc3
23.Rfc1 Rxc1+ 24.Rxc1 Qa4 25.Bb8 Bxd4 26.Qd8+ Kg7 27.Rc8 Rxb8 28.Qf8+ Kf6
29.Qd8+ Kf5 30.g4+ Ke4 31.Rxb8 Qd1+ 32.Kh2 Qd2 33.Rb1 Qxf2+ 34.Kh1 Qg3  0-1

[Event "Extraliga CZE 2004-5"]
[Site "Czech Rep CZE"]
[Date "2005.01.15"]
[Round "5"]
[White "Plachetka,J"]
[Black "Mozny,M"]
[Result "1/2-1/2"]
[WhiteElo "2441"]
[BlackElo "2368"]

1.c4 c6 2.e4 d5 3.exd5 cxd5 4.cxd5 Nf6 5.Bb5+ Nbd7 6.Nc3 a6 7.Qa4 g6 8.Nf3 Bg7
9.O-O O-O 10.Bxd7 Bxd7 11.Qb3 Qc7 12.d4 b5 13.Bg5 Rad8 14.Rac1 Qb7 15.Rfe1 Bc8
16.a3 h6 17.Bxf6 exf6 18.h3 Qa8 19.Re7 Bb7 20.Rce1 f5 21.Rc7 Bxd5 22.Nxd5 Qxd5
23.Qxd5 Rxd5 24.Ra7 Rd6 25.Kf1 Bxd4 26.Nxd4 Rxd4 27.Rxa6 Rc8 28.b4 Rd2 29.Kg1 Rcc2
30.Rf1 Ra2  1/2-1/2

[Event "TCh-SWE Elitserien 2004-5"]
[Site "Sweden SWE"]
[Date "2005.01.15"]
[Round "6"]
[White "Karlsson,L"]
[Black "Backelin,R"]
[Result "1/2-1/2"]
[WhiteElo "2472"]
[BlackElo "2304"]

1.c4 c6 2.b3 d5 3.Nf3 Bg4 4.e3 e6 5.Bb2 Nd7 6.h3 Bh5 7.Be2 Ngf6 8.O-O Bd6
9.d3 O-O 10.Nbd2 Re8 11.Rc1 Qe7 12.Rc2 Bg6 13.Nh4 e5 14.Nxg6 hxg6 15.cxd5 cxd5
16.Qa1 Nc5 17.Rfc1 e4 18.dxe4 Ncxe4 19.Nxe4 dxe4 20.Rd1 Red8 21.Rc4 Rac8
22.Qc1 Rxc4 23.Qxc4 Re8 24.Qa4 Bb8 25.g3 Rd8 26.Rxd8+ Qxd8 27.Bxf6 gxf6 28.Qxe4 Qd7
29.Bf3 b6 30.Qa8 Qc7 31.Be2 a5 32.Bc4 Kg7 33.Qd5 Qe7 34.h4 f5 35.h5 Be5 36.hxg6 fxg6
37.Kg2 Kh6 38.Qd2 Qb4 39.Qd1 Qd6 40.Bd5 Kg7 41.a4 Bc3 42.Qd3 Be5 43.Qb5 Bf6
44.Bc4 Kh6 45.Qe8 Bg7 46.Qa8 Bf6 47.Qb7 Be5 48.Qf3 Kg7 49.Bd5 Kh6 50.Qd1 Kg7
51.Qd3 Kh6 52.f4 Bf6 53.Kh3 Qd7 54.Qc4 Bg7 55.Kg2 Qe7 56.e4 fxe4 57.Bxe4 Qd6
58.Qc2 Bd4 59.Kf3 Kg7 60.g4 g5  1/2-1/2

[Event "Open"]
[Site "Prague CZE"]
[Date "2005.01.18"]
[Round "6"]
[White "Golcman,E"]
[Black "Cernousek,L"]
[Result "0-1"]
[WhiteElo "2336"]
[BlackElo "2321"]

1.c4 c6 2.d4 d5 3.Qb3 Nf6 4.Nf3 e6 5.g3 dxc4 6.Qxc4 b5 7.Qc2 Bb7 8.Bg2 Nbd7
9.a4 c5 10.O-O b4 11.Nbd2 Rc8 12.dxc5 Bxc5 13.Qd1 O-O 14.Nb3 Qe7 15.Bd2 Rfd8
16.Qe1 Bd6 17.Nfd4 Nc5 18.Rc1 Nxa4 19.Rxc8 Rxc8 20.Qa1 Bxg2 21.Kxg2 Qb7+
22.f3 Nc5 23.Na5 Qd5 24.Rd1 Nb7 25.Nab3 e5 26.e4 Nxe4 27.fxe4 Qxe4+ 28.Kh3 exd4
29.Qxa7 Qe6+ 30.Kg2 Qe2+ 31.Kh3 Qxd1 32.Qxb7 Qf1+ 33.Kh4 Re8  0-1

[Event "Zimski Winter Open"]
[Site "Belgrade SCG"]
[Date "2005.01.25"]
[Round "3"]
[White "Novkovic,Ma"]
[Black "Stanisic,J"]
[Result "1-0"]
[WhiteElo "1931"]
[BlackElo "1747"]

1.c4 c6 2.Nc3 d5 3.d4 Nf6 4.Bg5 Nbd7 5.Qc2 Qa5 6.cxd5 cxd5 7.Nf3 e6 8.Nd2 Bb4
9.a3 Be7 10.e3 O-O 11.Bd3 h6 12.Bh4 a6 13.h3 b5 14.O-O Bb7 15.b4 Qd8 16.Nb3 Nb6
17.Nc5 Bc6 18.Bg3 Nc4 19.Rfd1 Bd6 20.Bxd6 Qxd6 21.a4 e5 22.dxe5 Qxe5 23.a5 Rfd8
24.Ne2 Nd7 25.Nd4 Qd6 26.Ndb3 Nde5 27.Be2 Qf6 28.Rd4 Qg6 29.Qxg6 Nxg6 30.Rad1 Nge5
31.Kh2 Rd6 32.g4 Rf6 33.Kg3 Rg6 34.Nd3 h5 35.Nf4 Rd6 36.Nxh5 g6 37.Nf4 Rad8
38.Nc5 Ba8 39.Bf1 g5 40.Nfd3 f6 41.Re1 Nc6 42.Nb3 Nxd4 43.Nxd4 Ne5 44.Nc5 Kf7
45.Be2 Nd7 46.Ncb3 Rc8 47.Rh1 Rh8 48.Rc1 Ne5 49.Rc7+ Rd7 50.Rc1 Rhd8 51.Nc5 Rd6
52.f4 gxf4+ 53.exf4 Nd7 54.Ncb3 Nb8 55.h4 Nc6 56.Nxc6 Bxc6 57.Nc5 Ba8 58.Bd3 d4
59.g5 fxg5 60.hxg5 Re8 61.Rc2 Re3+ 62.Kh4 Rc6 63.Bf5 Rc3 64.Rd2 Rc4 65.Nd3 Rd6
66.Ne5+  1-0

[Event "Open"]
[Site "Geneva SUI"]
[Date "2005.01.25"]
[Round "4"]
[White "Shchekachev,A"]
[Black "Riazantsev,A"]
[Result "1/2-1/2"]
[WhiteElo "2559"]
[BlackElo "2596"]

1.c4 c6 2.Nf3 d5 3.d4 dxc4 4.a4 Bg4 5.Ne5 Bh5 6.Nc3 e6 7.g4 f6 8.gxh5 fxe5
9.e3 Nd7 10.Bxc4 Qe7 11.a5 Ngf6 12.Bd2 Nd5 13.Qb3 exd4 14.exd4 N7f6 15.O-O-O O-O-O
16.Rhe1 Qd7 17.Ne4 Nxe4 18.Rxe4 Bd6 19.Rde1 Rde8 20.a6 b6 21.Bf1 Kb8 22.Bh3 Nc7
23.Bxe6 Nxe6 24.Rxe6 Rxe6 25.Qxe6 Qxe6 26.Rxe6 Kc7 27.Re4 Rf8 28.Rg4 Rf7
29.h3 b5 30.Be3 Kb6 31.d5+ Bc5 32.dxc6 Bxe3+ 33.fxe3 Ka5  1/2-1/2

[Event "IMA1"]
[Site "Marianske Lazne CZE"]
[Date "2005.01.29"]
[Round "8"]
[White "Hasangatin,R"]
[Black "Matovic,P"]
[Result "1-0"]
[WhiteElo "2353"]
[BlackElo "2263"]

1.c4 c6 2.Nc3 d5 3.e3 Nf6 4.Nf3 a6 5.b3 Bg4 6.Be2 e6 7.Bb2 Bd6 8.O-O Qe7
9.h3 h5 10.d4 Bxf3 11.Bxf3 g5 12.g3 Nbd7 13.Bg2 O-O-O 14.c5 Bb8 15.b4 Nf8
16.a4 Ng6 17.b5 a5 18.Qe2 Kd7 19.Rab1 g4 20.h4 Ke8 21.Rfe1 Kf8 22.bxc6 bxc6
23.Qa6 Qc7 24.Ba3 Qd7 25.Rb7 Bc7 26.Nb5 cxb5 27.c6+ Bd6 28.Rxd7  1-0

[Event "64th ch-ITA"]
[Site "Montecatini Terme ITA"]
[Date "2005.01.29"]
[Round "1"]
[White "Contin,D"]
[Black "Sabia,C"]
[Result "1/2-1/2"]
[WhiteElo "2371"]
[BlackElo "2173"]

1.c4 c6 2.e4 e5 3.Nc3 d6 4.g3 Nf6 5.Bg2 Nbd7 6.Nge2 g6 7.d3 Bg7 8.O-O O-O
9.h3 a6 10.a4 a5 11.f4 Nc5 12.Be3 Nfd7 13.f5 Bf6 14.h4 b6 15.Ra3 g5 16.Qd2 h6
17.g4 Kh7 18.Kh1 Rg8 19.h5 Bb7 20.Rd1 Qe7 21.Nc1 Rad8 22.Qf2 Rge8 23.N1a2 Nb8
24.b4 axb4 25.Nxb4 Nba6 26.Nc2 Rb8 27.Ra2 Ba8 28.Qf1 Nb3 29.Qg1 Nbc5 30.Raa1 Red8
31.Rab1 Qc7 32.Bc1 Re8 33.Ne3 Nd7 34.Bb2 Nac5 35.Qf2 Bb7 36.Qc2 Ra8 37.Ra1 Kg8
38.Rdb1 Reb8 39.Bc1 Kh7 40.Bd2 Kg8 41.Ne2 Ba6 42.Bb4 Nb7 43.Nc3 Nbc5 44.Bf3 Qc8
45.Rb2 Kh7 46.Rab1 Qc7 47.Ba3 Bb7 48.Kg2 Ra5 49.Bb4 Raa8 50.Kf1 Kg8 51.Ke2 Na6
52.Ba3 Nac5 53.Ra1 Kg7 54.Nf1 Ra7 55.Ne3 Raa8 56.Rba2 Kg8 57.Bb4 Na6 58.Ba3 Nac5
59.Bc1 Kg7 60.Bd2 Qc8 61.Ra3 Ra7 62.Qa2 Rba8 63.Rb1 Rb8 64.Be1 Rba8 65.Bf2 Kg8
66.Nf1 Ra6 67.Nd2 Rb8 68.Be3 Ba8 69.Rb4 Ra7 70.Qb1 Rab7 71.Rb2 Kg7 72.Nb3 Qc7
73.Nxc5 Nxc5 74.Raa2 Kg8 75.Qd1 Qe7 76.Rb1 Kg7 77.Rab2 Kh7 78.Rb4 Kg7 79.R1b2 Kh7
80.Qb1 Qc7 81.Kd2 Kg7 82.Bd1 Kg8 83.Bc2 Kg7 84.Qg1 Qe7 85.Ke2 Kg8 86.Kf3 Kg7
87.Kg3 Kg8 88.Kh3 Kg7 89.Nb1 Kg8 90.Nd2 Kg7 91.Rb1 Kg8 92.R4b2 Kg7 93.Nf3 Kh7
94.d4 exd4 95.Bxd4 Nd7 96.Re1 c5 97.e5 cxd4 98.exf6 Qxf6 99.Qxd4 Rc7 100.Re7 Rbc8
101.Qxf6 Nxf6 102.Rxc7 Rxc7 103.Nd2 Re7 104.Rb3  1/2-1/2

[Event "Bundesliga 2004-5"]
[Site "Baden Oos GER"]
[Date "2005.01.30"]
[Round "9"]
[White "Wahls,M"]
[Black "Braun,A"]
[Result "0-1"]
[WhiteElo "2551"]
[BlackElo "2480"]

1.c4 c6 2.e4 d5 3.exd5 cxd5 4.cxd5 Nf6 5.Nc3 Nxd5 6.Nf3 Nc6 7.Bb5 Nxc3 8.bxc3 Qd5
9.Qb3 Be6 10.O-O a6 11.c4 Qxb5 12.cxb5 Bxb3 13.axb3 Nb4 14.Ra4 e6 15.Bb2 f6
16.Rfa1 Nd3 17.Bd4 e5 18.Be3 Bb4 19.bxa6 Rxa6 20.Rxa6 bxa6 21.Rxa6 O-O 22.Ra1 Rc8
23.Ne1 Nc1 24.Rb1 f5 25.Kf1 f4 26.Ba7 Kf7 27.d4 e4 28.Bc5 Bd2 29.b4 Re8 30.b5 e3
31.fxe3 fxe3 32.b6 Ke6 33.b7 Kd5 34.b8=Q e2+ 35.Kf2 Bxe1+ 36.Kxe1 Nd3+ 37.Kd2 Rxb8
38.Kxd3 Rxb1 39.Kxe2 Ke4 40.Kf2 Rb2+ 41.Kg3 g6 42.Kh3 Rd2 43.Kg3 Kf5 44.Kf3 Rd3+
45.Ke2 Ke4 46.Kf2 Rb3 47.h3 Rd3 48.Bb6 Ra3 49.Bc5 Rb3 50.Kg1 Ke3 51.Kh2 Ke2
52.Bd6 Kf1 53.Bf4 Rd3 54.Be5 h5 55.g4 h4 56.Bf6 Rd2+ 57.Kh1 Kf2 58.Bxh4+ Kf3
59.Bg5 Rxd4 60.Kh2 Ra4 61.Bd8 Ra2+ 62.Kg1 Rg2+ 63.Kh1 Kg3 64.g5 Kxh3 65.Bf6 Rg4
66.Bd8 Rd4 67.Bb6 Rd5 68.Be3 Re5  0-1

[Event "64th ch-ITA"]
[Site "Montecatini Terme ITA"]
[Date "2005.02.01"]
[Round "4"]
[White "Di Caro,C"]
[Black "Sabia,C"]
[Result "1-0"]
[WhiteElo "2397"]
[BlackElo "2173"]

1.c4 c6 2.Nf3 d5 3.e3 Nf6 4.Nc3 g6 5.d4 Bg7 6.Bd3 O-O 7.O-O a6 8.Bd2 b5 9.cxd5 cxd5
10.a4 b4 11.Na2 a5 12.Nc1 Nbd7 13.Qe2 Bb7 14.Nb3 Ne4 15.Rfc1 e5 16.Nxe5 Nxe5
17.dxe5 Bxe5 18.Be1 Qf6 19.Rc2 Rfe8 20.Bb5 Re7 21.Rd1 h5 22.Nd4 h4 23.Nc6 Re6
24.Nxe5 Rxe5 25.Rc7 Rb8 26.f3 Nd6 27.Bd3 Rbe8 28.Bf2 Ba8 29.Rc5 Nf5 30.Bxf5 Rxf5
31.h3 Qd8 32.Qb5 Rfe5 33.Rd4 g5 34.Qxa5 Qe7 35.Rc7 Qe6 36.Ra7 Bc6 37.Qxb4 Rxe3
38.Qd2 Re5 39.Rg4 Qf5 40.Bxh4 f6 41.Qd4 Bd7 42.Kh2 Rc8 43.Bxg5  1-0

[Event "Oceania zt"]
[Site "Auckland NZL"]
[Date "2005.02.02"]
[Round "6"]
[White "Steadman,M"]
[Black "Humphrey,J"]
[Result "1/2-1/2"]
[WhiteElo "2222"]
[BlackElo "2150"]

1.c4 c6 2.d4 d5 3.Nc3 e6 4.e4 dxe4 5.Nxe4 Bb4+ 6.Bd2 Qxd4 7.Bxb4 Qxe4+ 8.Ne2 Na6
9.Bf8 Ne7 10.Bxg7 Rg8 11.Qd4 Qxd4 12.Bxd4 c5 13.Bc3 Nc6 14.a3 e5 15.Ng3 Be6
16.O-O-O Ke7 17.Bd3 h5 18.h4 Rad8 19.Rhe1 f6 20.b3 Nd4 21.Kb2 Nb8 22.Bf1 Nbc6
23.Ne4 b6 24.b4 cxb4 25.axb4 Nf5 26.g3 a5 27.b5 Ncd4 28.Ra1 Rc8 29.Ra4 Rgd8
30.c5 bxc5 31.Rxa5 Kf7 32.Ra6 Nxb5 33.Bxb5 Rb8 34.Ra5 Bc4 35.Nxf6 Kxf6 36.Bxe5+ Kf7
37.Bxb8 Rxb8 38.Re5 Nd6 39.Rxh5 Bxb5 40.Ra7+ Kg6 41.Rxc5 Bd3+ 42.Ka2 Nc4
43.Ra6+ Kg7 44.Rc7+ Kg8 45.Raa7  1/2-1/2

[Event "64th ch-ITA"]
[Site "Montecatini Terme ITA"]
[Date "2005.02.02"]
[Round "5"]
[White "Contin,D"]
[Black "Bruno,F"]
[Result "1-0"]
[WhiteElo "2371"]
[BlackElo "2379"]

1.c4 c6 2.e4 d5 3.exd5 cxd5 4.d4 Nf6 5.Nc3 e6 6.Nf3 Bb4 7.cxd5 Nxd5 8.Bd2 Nc6
9.Bd3 O-O 10.O-O Be7 11.Qe2 Nf6 12.Ne4 Nxe4 13.Qxe4 f5 14.Qe3 Bf6 15.Bc3 Qb6
16.Bc4 Kh8 17.a3 Bd7 18.Rad1 Rad8 19.Rfe1 Rfe8 20.Qf4 Na5 21.Ba2 Ba4 22.Rb1 Bc2
23.Qd2 Bxb1 24.Bxa5 Bxa2 25.Bxb6 axb6 26.Qb4 Bd5 27.Ne5 Bxe5 28.dxe5 Rc8
29.Qxb6 Rc2 30.h3 Rec8 31.Rd1 Rc1 32.Rxc1 Rxc1+ 33.Kh2 h6 34.a4 Re1 35.a5 Rxe5
36.a6  1-0

[Event "64th ch-ITA"]
[Site "Montecatini Terme ITA"]
[Date "2005.02.03"]
[Round "6"]
[White "Rossi,C"]
[Black "Sabia,C"]
[Result "1-0"]
[WhiteElo "2367"]
[BlackElo "2173"]

1.c4 c6 2.Qa4 e5 3.Nc3 Nf6 4.d3 Be7 5.Nf3 d6 6.g3 O-O 7.Bg2 Re8 8.O-O Bf8
9.b4 Nbd7 10.Bg5 h6 11.Bxf6 Nxf6 12.b5 Bd7 13.Nd2 d5 14.bxc6 Bxc6 15.Qb3 dxc4
16.Nxc4 Bxg2 17.Kxg2 e4 18.dxe4 Nxe4 19.Rad1 Qc8 20.Nd5 Rb8 21.h4 b5 22.Nce3 Qb7
23.Kg1 Bc5 24.Nf5 Re5 25.g4 g6 26.Ng3 Qc6 27.Qf3 f5 28.gxf5 gxf5 29.Nxe4 Kh8
30.Nef6 Rb7 31.Kh1 Rf7  1-0

[Event "ch-POL u-20"]
[Site "Sroda Wlkp. POL"]
[Date "2005.02.04"]
[Round "6"]
[White "Luch,M"]
[Black "Stopa,Ja"]
[Result "1/2-1/2"]
[WhiteElo "2384"]
[BlackElo "2334"]

1.c4 c6 2.e4 e5 3.Nf3 d6 4.d4 Bg4 5.Be2 Nd7 6.Nc3 Ngf6 7.O-O Be7 8.Be3 O-O
9.h3 Bxf3 10.Bxf3 Re8 11.d5 Nf8 12.b4 N6d7 13.Qd3 c5 14.bxc5 Nxc5 15.Bxc5 dxc5
16.Rab1 b6 17.Bg4 g6 18.a4 h5 19.Be2 a5 20.Rb3  1/2-1/2

[Event "64th ch-ITA"]
[Site "Montecatini Terme ITA"]
[Date "2005.02.05"]
[Round "8"]
[White "Contin,D"]
[Black "Cacco,C"]
[Result "1/2-1/2"]
[WhiteElo "2371"]
[BlackElo "2282"]

1.c4 c6 2.Nf3 d5 3.b3 Bf5 4.Bb2 Nd7 5.g3 h6 6.Bg2 Ngf6 7.O-O e6 8.d3 Qc7
9.Nbd2 Bh7 10.Rc1 Bd6 11.a3 O-O 12.cxd5 exd5 13.Nd4 Qb6 14.Bh3 Rfe8 15.N2f3 Rad8
16.b4 a5 17.Bc3 axb4 18.axb4 Ne5 19.Qd2 Qc7 20.Nh4 Qb8 21.Nhf5 Bf8 22.Qb2 Nfd7
23.f4 Ng6 24.Nb3 f6 25.Nfd4 Nb6 26.Ra1 Bd6 27.Ne6 Rd7 28.Bd4 Nc8 29.Bc5 Rde7
30.Nbd4 Nf8 31.f5 Nxe6 32.fxe6 Qc7 33.Kg2 b6 34.Bxd6 Qxd6 35.Bf5 Rc7 36.Bxh7+ Kxh7
37.Ra8 Rd8 38.e3 Ne7 39.Rxd8 Qxd8 40.Rc1 Rc8 41.Qf2 Qd6 42.Ra1 Rc7 43.Ra8 Qe5
44.Re8 c5 45.bxc5 bxc5 46.Rxe7 Rxe7 47.Nc6 Qxe6 48.Nxe7 Qxe7 49.Qf5+ Kh8
50.Qc8+  1/2-1/2

[Event "ch-FRA Top 16 GpA"]
[Site "Mulhouse FRA"]
[Date "2005.02.06"]
[Round "3"]
[White "Hauchard,A"]
[Black "Bielka,S"]
[Result "1-0"]
[WhiteElo "2487"]
[BlackElo "2039"]

1.c4 c6 2.e4 d5 3.cxd5 cxd5 4.exd5 Nf6 5.Qa4+ Nbd7 6.Nc3 g6 7.Bc4 Bg7 8.d3 O-O
9.Nf3 Nb6 10.Qb3 Bf5 11.O-O Rc8 12.Re1 Nfd7 13.Bg5 Nc5 14.Qa3 Re8 15.Bb5 Bd7
16.d4 Bxb5 17.dxc5 Bxc3 18.bxc3 Nc4 19.Qb4 Ba6 20.Rad1 Qa5 21.Qxa5 Nxa5 22.Bxe7  1-0

[Event "5th It"]
[Site "Pulvermuehle GER"]
[Date "2005.02.08"]
[Round "6"]
[White "Reinderman,D"]
[Black "Wells,P"]
[Result "1/2-1/2"]
[WhiteElo "2517"]
[BlackElo "2519"]

1.c4 c6 2.d4 d5 3.Nc3 Nf6 4.Nf3 a6 5.cxd5 cxd5 6.Bf4 Nc6 7.Rc1 Ne4 8.Ne5 Nxc3
9.Rxc3 Bd7 10.e3 e6 11.a3 Rc8 12.Nxc6 Rxc6 13.Rxc6 Bxc6 14.Bd3 Qa5+ 15.Qd2 Qxd2+
16.Kxd2 Kd7 17.Rc1 Be7  1/2-1/2

[Event "ch-CZE"]
[Site "Karlovy Vary CZE"]
[Date "2005.02.09"]
[Round "9"]
[White "Stocek,J"]
[Black "Haba,P"]
[Result "1-0"]
[WhiteElo "2586"]
[BlackElo "2525"]

1.c4 c6 2.Nf3 d5 3.d4 Nf6 4.Nc3 dxc4 5.a4 a5 6.h3 Nbd7 7.e4 Nb6 8.Be2 g6
9.O-O Bg7 10.Rb1 O-O 11.b3 Be6 12.Ng5 Ne8 13.Nxe6 fxe6 14.e5 Nd5 15.Nxd5 exd5
16.bxc4 Rb8 17.cxd5 Qxd5 18.Qb3 Qxb3 19.Rxb3 Nc7 20.Ba3 Rf4 21.Rd1 Bf8 22.Bc1 Rf7
23.Bd2 e6 24.Bxa5 Ra8 25.Be1 Rxa4 26.Rxb7 Nd5 27.Rb8 Nf4 28.Bf1 Rfa7 29.g3 Nd5
30.Bd2 Kf7 31.Bg2 Be7 32.Bh6 g5 33.Be4 Nc3 34.Bxc6 Kg6 35.Bxa4 Kxh6 36.Rb6 Kg7
37.Rxe6 Kf8 38.Ra1  1-0

[Event "5th It"]
[Site "Pulvermuehle GER"]
[Date "2005.02.11"]
[Round "9"]
[White "Reinderman,D"]
[Black "Braun,A"]
[Result "1/2-1/2"]
[WhiteElo "2517"]
[BlackElo "2463"]

1.c4 c6 2.d4 d5 3.Nf3 Nf6 4.Nc3 a6 5.c5 Nbd7 6.Bf4 Nh5 7.e3 g6 8.h4 Nxf4
9.exf4 Bg7 10.h5 Nf6 11.hxg6 hxg6 12.Rxh8+ Bxh8 13.Ne5 Be6 14.Bd3 Qc7 15.Qe2 Nd7
16.O-O-O O-O-O 17.Rh1 Nxe5 18.fxe5 Bg7 19.Rh7 Rg8 20.f4 Kb8 21.Na4 Qc8 22.Nb6 Qf8
23.g4 Rh8 24.Rxh8 Qxh8 25.f5 gxf5 26.gxf5 Bc8 27.Qg2 Bh6+ 28.Kc2 Qg7 29.Qh2 e6
30.f6 Qg5 31.a3 Qe3 32.Kc3 a5 33.Qe2 Qh3 34.Qf1 Qg3 35.Qh1 Qf4 36.Kb3 a4+
37.Ka2 Qxd4 38.Qxh6 Qxd3 39.Qf8 Qb3+ 40.Kb1 Qd1+  1/2-1/2

[Event "Bundesliga 2004-5"]
[Site "Erfurt GER"]
[Date "2005.02.13"]
[Round "11"]
[White "Schebler,G"]
[Black "Votava,J"]
[Result "0-1"]
[WhiteElo "2496"]
[BlackElo "2505"]

1.c4 c6 2.g3 d5 3.Bg2 Nf6 4.Nf3 g6 5.b3 Bg7 6.Bb2 O-O 7.O-O Bg4 8.d3 Qc8
9.Qc2 Bh3 10.Nbd2 Bxg2 11.Kxg2 Nbd7 12.cxd5 cxd5 13.Rac1 Qxc2 14.Rxc2 Rfc8
15.Rfc1 Nb6 16.Be5 Rxc2 17.Rxc2 Rc8 18.Rxc8+ Nxc8 19.e4 e6 20.Kf1 Ne7 21.Ke2 Nc6
22.Bd6 Ne8 23.Bc5 b6 24.exd5 exd5 25.Be3 Nc7 26.Nb1 b5 27.Bf4 Ne6 28.Bd6 a6
29.Na3 g5 30.h3 f5 31.Nc2 Kf7 32.Ke3 g4 33.hxg4 fxg4 34.Nh4 Bh6+ 35.f4 gxf3
36.Kxf3 Kf6 37.Kf2 Bc1 38.Nf3 Bb2 39.Nb4 Nxb4 40.Bxb4 Kf5 41.Bd6 h5 42.Kg2 Ng7
43.Nh4+ Kg4 44.Nf3 Ne8 45.Bb4 Kf5 46.Nh4+ Ke6 47.Kf3 Nf6 48.Ng6 Kf5 49.Nh4+ Ke6
50.Ng6 Ng4 51.Bd2 Kf5 52.Ne7+ Ke6 53.Ng6 Be5 54.Nh4 Nh2+ 55.Kg2 Bxg3 56.Kxg3 Nf1+
57.Kf4 Nxd2 58.Nf5 b4 59.Ng7+ Kd6 60.Ke3 Nb1 61.Nxh5 Nc3 62.d4 Nxa2 63.Kd2 Nc3
64.Nf4 a5 65.Nd3 Kc6 66.Nf4 Kb5 67.Kc2 a4 68.bxa4+ Kxa4 69.Kb2 Nd1+ 70.Kc1 Ne3
71.Kb2 b3  0-1

[Event "Bundesliga 2004-5"]
[Site "Solingen GER"]
[Date "2005.02.13"]
[Round "11"]
[White "Wahls,M"]
[Black "Appel,R"]
[Result "1-0"]
[WhiteElo "2551"]
[BlackElo "2507"]

1.c4 c6 2.e4 e5 3.Nc3 Be7 4.Nf3 d6 5.d4 Nd7 6.Be2 Ngf6 7.O-O O-O 8.Be3 Re8
9.d5 c5 10.Ne1 h6 11.Rb1 Nh7 12.f3 Ndf8 13.b4 cxb4 14.Rxb4 Bg5 15.Bf2 Bh4
16.g3 Be7 17.Nd3 Nd7 18.Kg2 Rf8 19.Qc2 b6 20.Rb2 Nc5 21.Nb4 Ng5 22.Nc6 Qe8
23.Re1 Bh3+ 24.Kg1 f5 25.Bxc5 dxc5 26.exf5 Bxf5 27.Qd1 Nh3+ 28.Kg2 Bf6 29.Ne4 Qg6
30.Bd3 Kh8 31.Bb1 Ng5 32.Nxg5 e4 33.Rbe2 Bc3 34.Nxe4 Bxe1 35.Ne7 Bh3+ 36.Kg1 Qf7
37.Rxe1 Qxe7 38.Nf2 Qd7 39.Nxh3 Qxh3 40.Qd3 Kg8 41.Qh7+ Kf7 42.Qg6+  1-0

[Event "GM"]
[Site "Nancy FRA"]
[Date "2005.02.14"]
[Round "1"]
[White "Wirig,A"]
[Black "Rocha,S"]
[Result "0-1"]
[WhiteElo "2396"]
[BlackElo "2400"]

1.c4 c6 2.d4 Nf6 3.Nc3 d6 4.g3 Nbd7 5.Bg2 e5 6.e3 Be7 7.Nge2 O-O 8.O-O Qc7
9.b3 Rb8 10.a4 b6 11.Ba3 Re8 12.Qd2 a6 13.Rfd1 Bb7 14.dxe5 dxe5 15.Bxe7 Rxe7
16.Qd6 Qxd6 17.Rxd6 Ne8 18.Rd2 a5 19.Rad1 Nc5 20.Ne4 Nxe4 21.Bxe4 g6 22.Bg2 Kf8
23.g4 Nc7 24.Ng3 Ne6 25.Ne4 h6 26.h4 b5 27.Nf6 Bc8 28.Bxc6 bxc4 29.bxc4 Kg7
30.Ne4 Rc7 31.Rd6 Rb4 32.Bb5 Bb7 33.Nc3 Bf3 34.Ra1 Rcxc4 35.Bxc4 Rxc4 36.Rc1 Rxg4+
37.Kf1 Rxh4 38.Ke1 Nc5 39.Rb1 Rh1+ 40.Kd2 Rxb1 41.Nxb1 Ne4+  0-1

[Event "Mayor de Chile"]
[Site "Santiago CHI"]
[Date "2005.02.16"]
[Round "3"]
[White "Torres,Cr"]
[Black "Garcia Cardenas,P"]
[Result "1-0"]
[WhiteElo "2240"]
[BlackElo "2109"]

1.c4 c6 2.Nf3 Nf6 3.g3 d5 4.d4 e6 5.Bg2 Nbd7 6.O-O Bd6 7.Nc3 O-O 8.Nd2 Re8
9.h3 Qc7 10.Kh2 g6 11.b3 Nh5 12.Bb2 f5 13.f4 Ndf6 14.e3 Kf7 15.Nf3 Rg8 16.Rc1 Qb8
17.Ne5+ Ke8 18.Bf3 Ng7 19.Rg1 Bd7 20.Rc2 Ke7 21.a3 b5 22.Qe2 b4 23.axb4 Qxb4
24.Rb1 Ne4 25.Bxe4 fxe4 26.Bc1 Nf5 27.Bd2 Qb8 28.g4 Bxe5 29.dxe5 Nh4 30.Na2 a5
31.b4 c5 32.cxd5 Bb5 33.d6+ Kf7 34.Qd1 Ba4 35.bxc5 Qc8 36.c6 Bxc2 37.Qxc2 Nf3+
38.Kg2 Nxd2 39.Rb7+ Kf8 40.d7  1-0